Datos de composición de alimentos /
Guardado en:
| Autor Principal: | |
|---|---|
| Autor Corporativo: | |
| Otros Autores: | |
| Formato: | Libro |
| Idioma: | Spanish |
| Publicado: |
Roma :
FAO,
2006.
|
| Acceso en línea: | Texto completo |
| Etiquetas: |
Agregar Etiqueta
Sin Etiquetas, Sea el primero en etiquetar este registro!
|
| LEADER | 00737nam a22002055a 4500 | ||
|---|---|---|---|
| 001 | EEA.libagro007758 | ||
| 005 | 20180418093618.0 | ||
| 008 | 130809s2006####it#a##########000#0#spa#d | ||
| 020 | |a 97853049493 | ||
| 022 | |a 1014-6679 | ||
| 082 | 0 | 4 | |a 641.3 |
| 100 | 1 | |a Greenfield, H. | |
| 245 | 1 | 0 | |a Datos de composición de alimentos / |c por H. Greenfield y D. A. T. Southgate. |
| 260 | |a Roma : |b FAO, |c 2006. | ||
| 300 | |a 312 p. : |b il. ; |c 25 cm. | ||
| 530 | |a Disponible también en línea | ||
| 700 | 1 | |a Southgate, D. A. T. | |
| 710 | 2 | |a Organización de las Naciones Unidas para la Agricultura y la Alimentación. | |
| 856 | |u http://www.fao.org/docrep/009/y4705s/y4705s00.htm |3 Texto completo | ||
| 859 | |a AR-BbBCA |b BIB. AGRONOMIA |h 641.3 |i G812 |p 2007/5147 | ||
